| 000 | 00898nam a22002297a 4500 | ||
|---|---|---|---|
| 003 | OSt | ||
| 005 | 20250730063027.0 | ||
| 008 | 250730b |||||||| |||| 00| 0 eng d | ||
| 020 | _a1-55798-241-4 | ||
| 040 |
_aDWCL-Main lib _cOC |
||
| 082 | _aCirc. 808.06615 P976 1994 | ||
| 100 | _aAmerican Psychological Association | ||
| 245 |
_a Publication manual of the American Psychological Association/ _cAmerican Psychological Association |
||
| 250 | _a4th ed. | ||
| 260 |
_a Washington : _bAmerican Psychological Association, _c c1994 |
||
| 300 |
_axxxii, 368 p. : _c 25 cm. |
||
| 504 | _aIncludes bibliographical references and index | ||
| 650 | _a1. Psychological literature - publishing-handbooks, manual, etc. | ||
| 650 | _a2. Psychology-authorsip-handbooks, manuals, etc. | ||
| 650 | _a3. Social sciences - authorship- handbooks, manual, etc | ||
| 942 |
_2ddc _cBK-CIRC _e4th ed. _kCirc. _n0 |
||
| 999 |
_c3905 _d3905 |
||